000 00984nmm a2200313 a 4500
001 ocm000652872
003 TR-IsHL
005 20201028132823.0
008 131030s2010 tu tur
007 cr cn
020 _a9789756862117
035 _a652872
_b(N$T)
050 0 4 _aHQ772
_b.S29 2010
090 0 4 _aHQ772
_b.S29 2010
100 1 _aSaygılı, Sefa
245 1 0 _aErgenlik Sorunları: anne babalar gençlere nasıl davranmalı?
_h[electronic resource] /
_cSefa Saygılı
260 _aİstanbul :
_bElit Kültür Yayınları,
_c2010
300 _a192 p.
650 4 _aSosyoloji
650 4 _aSociology
650 0 _aÇocuk gelişimi
650 0 _aChild development
650 0 _aÇocuk psikolojisi
650 0 _aChild psychology
650 0 _aAile ve çocuk
650 0 _aParent and child
650 7 _aPSYCHOLOGY / Developmental / Child
_2bisacsh
856 4 0 _uhttp://search.ebscohost.com/login.aspx?direct=true&scope=site&db=e011xww&AN=652872
999 _c5299
_d5299